01328 a2200217 450000100040000000500170000400800410002100300150006204000400007708000480011724500220016502000220018725000110020926400410022030000270026150506280028810000280091670000310094470000220097585601130099723420260407155415.0260407a2008 arg spa dAR-UNSa-BCEJYS aAR-UNSa-BCEJYSbspacAR-UNSa-BCEJYS a347.7xDerecho Mercantil. Derecho Comercial10aDerecho Comercial a978-950-20-1818-8 a2a. ed 1aBuenos Aires :bAbeledo Perrotc2008 a2 v. (981,709)c23 cm. aVol.1 Contiene: 1. Concepto, evolución y ambito 2. Acto de comercio 3. La empresa 4. Propiedad industrial 5. El comerciante 6. Obligaciones de los comerciantes 7. Sociedades comerciales 8. Sociedades comerciales. generalidades 9. Clasificación de las sociedades 10. Sociedades por acciones. sociedad anónima 11. Sociedad anónima. Organos 12. Sociedad en comandita por acciones y sociedades cooperativas Vol.2 Contiene: 1. Consideraciones generales 2. Caracteres de los títulos de crédito 3. Clasificación de los títulos de crédito 4. Doctrina cambiaria 5. La causa 6. EL derecho cambiario y su evolución1 aGarrone, José Alberto1 aLópez, Gastón Federico1 aRecca, Claudia M.41uhttps://biblioeco.unsa.edu.ar/pmb/images/libros/Derecho Comercial-l117515.jpgyImagen de portadaqimage/jpeg